<?xml version="1.0" encoding="UTF-8"?>
<record
    xmlns:xsi="http://www.w3.org/2001/XMLSchema-instance"
    xsi:schemaLocation="http://www.loc.gov/MARC21/slim http://www.loc.gov/standards/marcxml/schema/MARC21slim.xsd"
    xmlns="http://www.loc.gov/MARC21/slim">

  <leader>01734nab a2200241uuc4500</leader>
  <controlfield tag="001">1256974</controlfield>
  <controlfield tag="005">20240202103118.0</controlfield>
  <controlfield tag="008">110920e20100701                    spa  </controlfield>
  <datafield tag="035" ind1=" " ind2=" ">
    <subfield code="a">1256974</subfield>
  </datafield>
  <datafield tag="035" ind1=" " ind2=" ">
    <subfield code="a">(OCoLC)820604935</subfield>
  </datafield>
  <datafield tag="040" ind1=" " ind2=" ">
    <subfield code="c">comduadb</subfield>
  </datafield>
  <datafield tag="041" ind1=" " ind2=" ">
    <subfield code="a">spa</subfield>
  </datafield>
  <datafield tag="100" ind1="1" ind2="0">
    <subfield code="a">Grajales Correa, Carlos Alexander</subfield>
    <subfield code="4">aut</subfield>
    <subfield code="e">aut</subfield>
    <subfield code="9">579616</subfield>
  </datafield>
  <datafield tag="245" ind1="1" ind2="0">
    <subfield code="a">Valor en riesgo para un portafolio con opciones financieras</subfield>
  </datafield>
  <datafield tag="520" ind1="3" ind2=" ">
    <subfield code="a">En este art&#xED;culo se presentan y aplican diferentes formulaciones matem&#xE1;ticas, exactas y aproximadas, para el c&#xE1;lculo del valor en riesgo (VaR) de algunos portafolios con activos financieros, haciendo especial &#xE9;nfasis en aquellos que contienen opciones financieras. El uso y pertinencia de tales formulaciones es analizado seg&#xFA;n las caracter&#xED;sticas e hip&#xF3;tesis que se tengan de los portafolios construidos, para lo cual se analizan en detalle la volatilidad y el percentil de la distribuci&#xF3;n de los cambios en el valor del portafolio, al igual que la volatilidad estoc&#xE1;stica en un horizonte de tiempo dado. Para &#xE9;ste fin, se consideran los m&#xE9;todos de varianzas y covarianzas, simulaci&#xF3;n hist&#xF3;rica y simulaci&#xF3;n Monte Carlo, desde una perspectiva formal y ampliada a portafolios que contienen opciones financieras, estableciendo algoritmos alternativos de c&#xE1;lculo y comparaciones entre los resultados.</subfield>
  </datafield>
  <datafield tag="650" ind1=" " ind2=" ">
    <subfield code="a">Valor en riesgo</subfield>
    <subfield code="9">173714</subfield>
  </datafield>
  <datafield tag="650" ind1=" " ind2=" ">
    <subfield code="a">Movimiento browniano</subfield>
    <subfield code="9">4032</subfield>
  </datafield>
  <datafield tag="650" ind1=" " ind2=" ">
    <subfield code="a">Opciones (Finanzas)</subfield>
    <subfield code="9">14195</subfield>
  </datafield>
  <datafield tag="650" ind1=" " ind2=" ">
    <subfield code="a">Simulaci&#xF3;n de Montecarlo</subfield>
    <subfield code="9">60760</subfield>
  </datafield>
  <datafield tag="700" ind1="1" ind2="0">
    <subfield code="a">Perez Ramirez, Fredy Ocaris</subfield>
    <subfield code="4">aut</subfield>
    <subfield code="e">aut</subfield>
    <subfield code="9">241477</subfield>
  </datafield>
  <datafield tag="773" ind1="0" ind2=" ">
    <subfield code="t">Revista Ingenier&#xED;as (Medell&#xED;n)</subfield>
    <subfield code="g">Volumen 09, N&#xFA;mero 17, Julio-Diciembre de 2010, 105-118</subfield>
    <subfield code="w">842886</subfield>
    <subfield code="x">1692-3324</subfield>
    <subfield code="0">296206</subfield>
  </datafield>
  <datafield tag="942" ind1=" " ind2=" ">
    <subfield code="c">ARIMP</subfield>
  </datafield>
  <datafield tag="999" ind1=" " ind2=" ">
    <subfield code="c">595537</subfield>
    <subfield code="d">595537</subfield>
  </datafield>
</record>
